<?xml version="1.0" encoding="utf-8"?>
<?xml-stylesheet type='text/xsl' href='./oai2.xsl'?>
<OAI-PMH xmlns="http://www.openarchives.org/OAI/2.0/" xmlns:xsi="http://www.w3.org/2001/XMLSchema-instance" xsi:schemaLocation="http://www.openarchives.org/OAI/2.0/ http://www.openarchives.org/OAI/2.0/OAI-PMH.xsd">
  <responseDate>2026-06-06T09:07:49Z</responseDate>
  <request verb="GetRecord" metadataPrefix="marcxml" identifier="record_kuniweb_412781">https://kulturerbe.niedersachsen.de/oai</request>
  <GetRecord>
    <record>
      <header>
        <identifier>record_kuniweb_412781</identifier>
        <datestamp>2026-03-31T19:09:18Z</datestamp>
        <setSpec>slg0184</setSpec>
      </header>
      <metadata>
        <marc:record xmlns:marc="http://www.loc.gov/MARC21/slim" xsi:schemaLocation="http://www.loc.gov/MARC21/slim http://www.loc.gov/standards/marcxml/schema/MARC21slim.xsd">
          <marc:leader>12345nkm  22     uu 4500</marc:leader>
          <marc:controlfield tag="001">412781</marc:controlfield>
          <marc:controlfield tag="003">http://kuniweb.gbv.de</marc:controlfield>
          <marc:controlfield tag="005">2025-12-16T14:14:52</marc:controlfield>
          <marc:controlfield tag="008">|           ||||||||||||||||||||||</marc:controlfield>
          <marc:datafield tag="245" ind1="1" ind2="0">
            <marc:subfield code="a">Strolch im Hof</marc:subfield>
          </marc:datafield>
          <marc:datafield tag="720" ind1=" " ind2=" ">
            <marc:subfield code="a">Rudolf Wilke</marc:subfield>
          </marc:datafield>
          <marc:datafield tag="655" ind1=" " ind2="7">
            <marc:subfield code="a">Grafik</marc:subfield>
          </marc:datafield>
          <marc:datafield tag="046" ind1=" " ind2=" ">
            <marc:subfield code="k">1890</marc:subfield>
            <marc:subfield code="k">19. Jh.</marc:subfield>
            <marc:subfield code="l">1908</marc:subfield>
          </marc:datafield>
          <marc:datafield tag="260" ind1=" " ind2=" ">
            <marc:subfield code="g">1890</marc:subfield>
            <marc:subfield code="g">1908</marc:subfield>
            <marc:subfield code="g">19. Jh.</marc:subfield>
          </marc:datafield>
          <marc:datafield tag="300" ind1=" " ind2=" ">
            <marc:subfield code="a">Höhe: 382 mm
Breite: 274 mm</marc:subfield>
          </marc:datafield>
          <marc:datafield tag="520" ind1=" " ind2=" ">
            <marc:subfield code="a">Stempel:
in Violett, unten rechts: "Rudolf Wilke / Nachlass" Verso: Nachlass-Stempel in Violett: "Rudolf Wilke / Nachlass" und Stempel "STÄDTISCHES / MUSEUM / BRAUNSCHWEIG" in Rot-Braun.

Aufschrift:
Bezeichnet, unten, mit Bleistift: "65. Rudolf Wilke. Strolch im Hof. Gelegenheitsarbeiter "Hohe Politik". Verso: Studie mit Bäumen und Sträuchern in Bleistift; bezeichnet, mit Bleistift, unten links: "Nr. 64" und "1965/15"; unten rechts: "Nr. 152".

Veröffentlicht in:
P. Lufft und R. Wilke, „Der Zeichner Rudolf Wilke Leben und Werk“, Braunschweiger Werkstücke, Bd. 66. Waisenhaus-Druckerei, Braunschweig, 1987. (S. 98, Nr. 142; S. 242, Nr. 142 (Abb.))

Veröffentlicht in:
R. Wilke, „Rudolf Wilke (1873 - 1908) ; Juni - Juli 1917, neunte Ausstellung, Berlin-W. Victoriastr. 35 Paul Cassirer Berlin“. Cassirer, Berlin, 1917. (Nr. 14.)

Veröffentlicht in:
G. Spies und R. Wilke, „Rudolf Wilke (1873 - 1908) - Ein Zeichner des Simplicissimus [Ausstellung des Städtischen Museums Braunschweig im Altstadtrathaus Braunschweig, 12. August - 4. November 1973]“, Arbeitsberichte aus dem Städtischen Museum Braunschweig, Bd. 23. [Verlag nicht ermittelbar], Braunschweig, 1973. (S. 51, Kat. Nr. 64.)</marc:subfield>
          </marc:datafield>
          <marc:datafield tag="650" ind1="1" ind2=" ">
            <marc:subfield code="a">Tabakspfeife</marc:subfield>
          </marc:datafield>
          <marc:datafield tag="650" ind1="1" ind2=" ">
            <marc:subfield code="a">Älterer Mann</marc:subfield>
          </marc:datafield>
          <marc:datafield tag="650" ind1="1" ind2=" ">
            <marc:subfield code="a">Landstreicher</marc:subfield>
          </marc:datafield>
          <marc:datafield tag="650" ind1="1" ind2=" ">
            <marc:subfield code="a">Grafik, Fotografie &gt; Zeichnung &gt; Bleistiftzeichnung</marc:subfield>
          </marc:datafield>
          <marc:datafield tag="650" ind1="1" ind2=" ">
            <marc:subfield code="a">Zeichnung/Grafik</marc:subfield>
          </marc:datafield>
          <marc:datafield tag="773" ind1="0" ind2=" ">
            <marc:subfield code="t">Sammlung Grafik</marc:subfield>
          </marc:datafield>
          <marc:datafield tag="852" ind1=" " ind2=" ">
            <marc:subfield code="a">Städtisches Museum Braunschweig</marc:subfield>
          </marc:datafield>
          <marc:datafield tag="852" ind1=" " ind2=" ">
            <marc:subfield code="a">Deutschland</marc:subfield>
          </marc:datafield>
          <marc:datafield tag="" ind1=" " ind2=" ">
            <marc:subfield code="a">kein Copyright / Public domain (CC0 1.0)</marc:subfield>
          </marc:datafield>
        </marc:record>
      </metadata>
    </record>
  </GetRecord>
</OAI-PMH>
